| 000 | 00446nam a2200133Ia 4500 | ||
|---|---|---|---|
| 008 | 250506s9999 xx 000 0 und d | ||
| 024 | _a99B-BCS5-49, 99B-BCS5-29, 99B-BCS5-45 & 99B-BCS5-23 | ||
| 082 | _a004.98072 SAN | ||
| 100 | _aSana Nazim, Kanwal Samdani, Talat Naz Bhatti & Sara Arshad Malik | ||
| 245 | 4 | _aThe Payroll System | |
| 260 |
_aKarachi: _bUIT, _c1999 |
||
| 600 | _aComputer Science | ||
| 650 | _aBachelor of Computer Science (BS) | ||
| 999 |
_c28621 _d28621 |
||